Encyclopaedia of travel, tourism and ecotourism (volume 5)

Bibliographic Details
Other Authors: Sinha, P. C.
Format: Book
Published: New Delhi : Anmol publications PVT. LTD. , 2005
Subjects:

MARC

LEADER 00000cam a2200000 7i4500
001 0000019041
005 20080612.0
008 080612
020 |a 8126123982 
090 0 0 |a 338.479103   |b ENC 
245 1 0 |a Encyclopaedia of travel, tourism and ecotourism (volume 5)   |c edited by P. C. Sinha 
260 |a New Delhi :   |b Anmol publications PVT. LTD. ,   |c 2005 
650 0 |a Ecotourism 
650 0 |a Tourist trade 
650 0 |a Travel 
700 1 |a Sinha, P. C. 
999 |a 0001022913   |b Book   |c REFERENCE   |e Perbadanan Perpustakaan Awam Johor